Sources of high-intensity ultrasound

Bewaard in:
Bibliografische gegevens
Hoofdauteur: Rozenberg, L. D
Formaat: Boek
Taal:Engels
Gepubliceerd in: New York, USA Plenum 1969
Reeks:Ultrasonic Technology
Onderwerpen:
Tags: Voeg label toe
Geen labels, Wees de eerste die dit record labelt!

MARC

LEADER 00000nam a2200000 a 4500
001 UCT2071
003 CL-VaPUC
005 20250115112932.0
008 961004e19690000US |||||||||||||||||eng|d
999 |c 252347  |d 252345 
040 |c Pontificia Universidad Católica de Valparaíso 
082 0 4 |a 534.4 ROZ 1969  |2 21 
100 0 |a Rozenberg, L. D  |9 371142 
245 1 0 |a Sources of high-intensity ultrasound 
260 0 3 |a New York, USA  |b Plenum  |c 1969 
300 |a 2 volúmenes 
490 0 |a Ultrasonic Technology 
583 |a last modification  |c 19961004 00:00:00  |k Rodrigo Vera 
650 7 |a ULTRASONIDOS  |2 CL-VaPUC  |9 361769 
650 0 |a Acústica   |9 265389 
650 0 |a Ondas sonoras  |9 322250 
650 0 |a Propagación de ondas  |9 263256 
650 0 |a Oscilaciones   |9 344730 
942 |c BK  |2 ddc 
945 |d 19961004 00:00:00  |a paguirre